| 000 | 00732nam a2200241 i 4500 | ||
|---|---|---|---|
| 001 | bg | ||
| 100 | 1 |
_aCzarny, Piotr _c(informatyka). |
|
| 245 | 1 | 0 |
_aUbuntu Linux : _bpoznaj Ubuntu : system Linux dostępny dla każdego / _cPiotr Czarny. |
| 260 |
_aGliwice : _bWydawnictwo Helion, _c2007. |
||
| 300 |
_a162 s. : _brys. ; _c24 cm + _edysk optyczny (CD-ROM). |
||
| 504 | _aIndeks. | ||
| 650 | 9 | _aUbuntu Linux | |
| 655 | _aPodręczniki | ||
| 020 | _a9788324606603 | ||
| 040 | _cBPK | ||
| 041 | 0 | _apol | |
| 044 | _aPOL | ||
| 080 | _a004.451(07) | ||
| 920 | _a978-83-246-0660-3 | ||
| 942 | _cKS | ||
| 008 | s pl f |000 0 pol | ||
| 999 |
_c54890 _d54890 |
||
| 856 |
_uhttp://koha.tu.koszalin.pl/cgi-bin/koha/opac-detail.pl?biblionumber=54890 _yKatalog online BPK |
||